| 000 | 01272nam a2200337 c 4500 | ||
|---|---|---|---|
| 003 | BLK | ||
| 005 | 20250628105351.0 | ||
| 008 | 180408b bul|||||r ||||||| ||bul|| | ||
| 010 | _aKNG00089883000 | ||
| 020 |
_a978-954-491-441-7 _bиздат.: Жанет 45 |
||
| 040 | _aBLK | ||
| 041 |
_aBUL _cBUL |
||
| 080 |
_aБългарска литература _b821.163.2 _x-93-1 _z821.163.2-93-1 |
||
| 100 | 1 |
_aДългъчева, Мая Георгиева _9289222 |
|
| 700 | 1 |
_aКънева, Капка _eил. _9372738 |
|
| 139 |
_aДългъчева, Мая Георгиева _bД 95 |
||
| 245 | 1 | 0 |
_aПъстри приказалки _bРимувани приказки _cМая Георгиева Дългъчева; ил. Капка Кънева. |
| 257 | _aBGR | ||
| 260 |
_аПловдив _bЖанет 45 _c2008 |
||
| 300 |
_a24 с. _bс цв. ил. _c22Х22 см |
||
| 380 | _aDX | ||
| 653 | _aприказки | ||
| 653 | _aлитература за деца | ||
| 653 | _aдетска литература | ||
| 852 | _aЦб 244254 | ||
| 856 | 4 |
_qpdf _u |
|
| 856 | 4 |
_qpdf _u |
|
| 942 |
_cKNG _n0 _038 |
||
| 944 |
_aCR _c12.06.2009 _lРусанова Ирена _k30542 |
||
| 944 |
_aED _c05.01.2018 _lф / _kЛюдмила_Стоянова |
||
| 999 |
_c85283 _d85283 |
||